000 00261nam a2200097Ia 4500
001 684240
005 20250826161453.0
008 250824s9999 xx 000 0 und d
245 0 _aGÖNÜL YAKINLIKLARI (ANTİK YENİ)
_cGOETHE
260 _bANTİK DÜNYA KLASİKLERİ
999 _c684240
_d684240